Home repair

Bibliographic Details
Format: Book
Published: London : Macdonald & Co.(Publishers) Ltd , 1988
Subjects:

MARC

LEADER 00000cam a2200000 7i4500
001 0000009987
002 000010883
005 20000330.0
020 |a 074810075X 
090 0 0 |a 643   |b HOM 
245 0 0 |a Home repair 
260 |a London :   |b Macdonald & Co.(Publishers) Ltd ,   |c 1988 
300 |a 64p. :   |b ill. ;   |c 28cm. 
650 0 0 |a Dwellings   |x Remodeling 
999 |a 027840   |b BUKU   |c PINJAMAN   |e PERPUSTAKAAN KOMUNITI PETALING JAYA